Statistics for I Want To Know What Love Is - Foreigner - All Lyrics

Click here to take the quiz!

General Stats

  • This quiz has been taken 25 times
  • The average score is 284 of 355

Answer Stats

Answer% Correct
(I
100%
I
100%
to
100%
want
100%
when
100%
a
94%
A
94%
feel)
94%
feel
94%
is
94%
is)
94%
know
94%
know,
94%
know)
94%
love)
94%
love
94%
love,
94%
me,
94%
me)
94%
me
94%
our
94%
(Show
94%
show
94%
yeah)
94%
you
94%
Oh
88%
wanna
88%
what
88%
It
82%
it
82%
and
76%
(And
76%
And
76%
can
76%
if
76%
In
76%
No,
76%
got
71%
little
71%
my
71%
so
71%
take
71%
The
71%
the
71%
this
71%
time
71%
been
65%
gonna
65%
gotta
65%
heartache
65%
I'm
65%
I’ve
65%
I've
65%
now,
65%
Now,
65%
over
65%
things
65%
think
65%
about
59%
again
59%
cannot
59%
Can’t
59%
don't
59%
face
59%
far
59%
life
59%
life,
59%
like
59%
lonely
59%
need
59%
older
59%
pain
59%
there's
59%
traveled
59%
between
53%
change
53%
climb
53%
feelin'
53%
Feels
53%
found
53%
just
53%
mountain,
53%
talk
53%
Through
53%
around
47%
case
47%
(Let's
47%
Let’s
47%
lines
47%
look
47%
much
47%
must
47%
read
47%
shoulders
47%
stop
47%
that
47%
upon
47%
world
47%
as
41%
colder
41%
finally
41%
has
41%
hide
41%
inside
41%
it's
41%
see
41%
too
41%
keeps
35%
left
35%
looks
35%
nowhere
35%
warm
35%
clouds,
29%
grows
29%
shine
29%
better
24%
real,
24%

Score Distribution

Percentile by Number Answered

Percent of People with Each Score

Your Score History

You have not taken this quiz